Справочник по золотой промышленности. Т. 3. Вып. 2: Справочник по разработке рубных месторождений золота (Запись № 13621366)

Подробности
000 -МАРКЕР
контрольное поле 01089nam2a2200229 4500
001 - ИДЕНТИФИКАТОР ЗАПИСИ
контрольное поле rc\3032974
005 - ИДЕНТИФИКАТОР ВЕРСИИ
контрольное поле 20260315065206.0
035 ## - ДРУГИЕ СИСТЕМНЫЕ НОМЕРА
Идентификатор записи (NLR Aleph) 007173810
100 ## - ДАННЫЕ ОБЩЕЙ ОБРАБОТКИ
Данные общей обработки 20111003d1935 u y0rusy50 ca
101 0# - ЯЗЫК РЕСУРСА
Язык текста, звукозаписи и т.д. русский
102 ## - СТРАНА ПУБЛИКАЦИИ ИЛИ ПРОИЗВОДСТВА
Страна публикации российская федерация
105 ## - ПОЛЕ КОДИРОВАННЫХ ДАННЫХ: ТЕКСТОВЫЕ МАТЕРИАЛЫ, МОНОГРАФИЧЕСКИЕ
Кодированные данные о монографическом текстовом документе y g |||||
200 1# - ЗАГЛАВИЕ И СВЕДЕНИЯ ОБ ОТВЕТСТВЕННОСТИ
Основное заглавие Справочник по разработке рубных месторождений золота
210 ## - ПУБЛИКАЦИЯ, РАСПРОСТРАНЕНИЕ И ДР.
Дата издания, распространения и т.д. 1935
461 #0 - УРОВЕНЬ НАБОРА
Встроенное поле 001rc\3032973
-- 2000#$aСправочник по золотой промышленности$eТ. 3. Вып. 2-$fПод общ. ред. А.П. Серебровского$gГлвзолото$vТ. 3. Вып. 2
Системный номер (АБИС) связанной записи 7372726
Место публикации [Москва]
Дата публикации 1935-1936
Первые сведения об ответственности Под общ. ред. А.П. Серебровского
Имя издателя, распространителя и т.д. ОНТИ Гл. ред. лит. по цветной металлургии
Сведения, относящиеся к заглавию Т. 3. Вып. 2-
Заглавие Справочник по золотой промышленности
Номер тома Т. 3. Вып. 2
700 #1 - ИМЯ ЛИЦА - ПЕРВИЧНАЯ ОТВЕТСТВЕННОСТЬ
Начальный элемент ввода Трушков
Часть имени, кроме начального элемента ввода Н.И.
801 #0 - ИСТОЧНИК ЗАПИСИ
Страна российская федерация
Организация NLR
Правила каталогизации psbo
801 #1 - ИСТОЧНИК ЗАПИСИ
Страна российская федерация
Организация ELAR
Источник данных rusmarc
852 ## - МЕСТОНАХОЖДЕНИЕ И ШИФР ХРАНЕНИЯ
Идентификатор организации NLR
Шифр хранения (Call Number) 35-18/468
942 ## - ДОПОЛНИТЕЛЬНЫЕ ЭЛЕМЕНТЫ ЗАПИСИ (АБИС)
Тип экземпляра АБИС Неопределено
980 ## - КОЛЛЕКЦИЯ
Название коллекции Национальная библиография

Нет доступных экземпляров.